000 00729nam a2200265Ia 4500
005 20260302115419.0
008 008 260114s9999 xx 000 0 eng d
020 _a9781350300392
037 _aTextbook
040 _aCRL
040 _beng
040 _cCRL
041 _2eng
041 _aeng
084 _qCRL
100 _aTom Cantrell, Katherine Graham, Mark Love-Smith, Karen Quigley
_91121552
245 0 _aResearch and Development in British Theatre
260 _bBloomsbury
260 _bMethuen Drama
260 _c2025
650 _aLiterary Studies
856 _uhttps://doi.org/10.5040/9781350300392?locatt=label:secondary_bloomsburyCollections
942 _cEBOOK
999 _c1686130
_d1686130